• 首页
  • 本馆介绍
  • 公告通知
  • 最新文献
  • 馆藏检索
  • 电子资源
  • 读者导购
  • 参考咨询
  • 我的图书馆
  • 登录
  • 详细信息显示
  • 放入我的书架
  • 预约/预借图书
  • 作者相关作品
  • 分类相关作品
  • 丛书相关作品
  • 出版社相关作品

书目信息

  • 表格格式
  • 工作单格式
  • 卡片格式
题名:
第三空间
    
 
作者: ;许雅杰 , 沈沉 译 ;高迪国际出版公司 编
分册:  
出版信息: 大连   大连理工大学出版社  2013
页数: 335页
开本: 29cm
丛书名:
单 册:
中图分类: TU247-64 , TU247.3-64
科图分类:
主题词: 服务建筑--室内装饰设计--世界--图集 , 酒吧--室内装饰设计--世界--图集
电子资源:
ISBN: 978-7-5611-8186-7
000 01317nam0 2200301 450
001 0103135874
005 20140429101318.0
010    @a978-7-5611-8186-7@b精装@dCNY328.00
100    @a20140423d2013 em y0chiy0120 ea
101 2  @achi@aeng@ceng
102    @aCN@b210000
105    @aa z 001yy
106    @ar
200 1  @a第三空间@9Di San Kong Jian @e会所、夜总会和酒吧@eclub, nightclub & bar@f高迪国际出版有限公司编@g许雅杰,沈沉译@b专著@dThe third space@zeng
210    @a大连@c大连理工大学出版社@d2013
215    @a335页@c图@d29cm
330    @a本书展示了非凡的视觉极限和先进科技,传达出酒吧不同寻常的结构和经验价值。众多案例设计的共同之处大概在于计算机操控设备(例如,激光切割、数控铣床、三维立体刻印等)的运用,使不计其数的外形创意和精妙的环境设计成为现实。本书案例向读者展示了一幅幅不断演变的、激动人心的酒吧设计场景。
510 1  @aThird space@eclub, nightclub & bar@zeng
517 1  @a会所、夜总会和酒吧@9hui suo 、ye zong hui he jiu ba
606 0  @a服务建筑@x室内装饰设计@y世界@j图集
606 0  @a酒吧@x室内装饰设计@y世界@j图集
690    @aTU247-64@v5
690    @aTU247.3-64@v5
702  0 @a许雅杰@4译@9xu ya jie
702  0 @a沈沉@4译@9shen chen
711 02 @a高迪国际出版公司@4编@9gao di guo ji chu ban gong si
801  0 @aCN@b110138@c20140114
905    @aBZT@dTU247@e14@f5@sTU247/14
    
    第三空间:会所、夜总会和酒吧:club, nightclub & bar/高迪国际出版有限公司编/许雅杰,沈沉译=The third space.-大连:大连理工大学出版社,2013
    335页:图;29cm
    
    
    ISBN 978-7-5611-8186-7(精装):CNY328.00
    本书展示了非凡的视觉极限和先进科技,传达出酒吧不同寻常的结构和经验价值。众多案例设计的共同之处大概在于计算机操控设备(例如,激光切割、数控铣床、三维立体刻印等)的运用,使不计其数的外形创意和精妙的环境设计成为现实。本书案例向读者展示了一幅幅不断演变的、激动人心的酒吧设计场景。
●
相关链接 在五车中查询图书 在当当中查询图书 在豆瓣中查询图书


正题名:第三空间     索取号:TU247/14         预约/预借

序号 登录号 条形码 馆藏地/架位号 状态 备注
1 2000004793   2000004793   旧书回溯/ [索取号:TU247/14] 在馆    
2 2000004794   2000004794   旧书回溯/ [索取号:TU247/14] 在馆    
3 2000004795   2000004795   旧书回溯/ [索取号:TU247/14] 在馆    
4 2000004796   2000004796   旧书回溯/ [索取号:TU247/14] 在馆    
5 2000004797   2000004797   旧书回溯/ [索取号:TU247/14] 在馆    
山东省滨州职业学院图书馆 欢迎您!
大连网信软件有限公司© 版权所有